[Event "Titled Tuesday intern op 06th Feb Late"]
[Site "Chess.com INT"]
[Date "2024.02.06"]
[Round "9"]
[White "Bueno, Alfeu Varela Jr"]
[Black "Cueto, Jose"]
[Result "1-0"]
[WhiteElo "2155"]
[BlackElo "2095"]
[PlyCount "79"]
[EventDate "2024.02.06"]
[EventType "swiss (blitz)"]
[EventRounds "11"]
[EventCountry "USA"]
[SourceTitle "CB07_2024"]
[SourceDate "2024.02.14"]
[SourceVersion "1"]
[SourceVersionDate "2024.02.14"]
[SourceQuality "1"]

1. e4 e6 2. d4 d5 3. Nd2 Nc6 4. Ngf3 Nf6 5. e5 Nd7 6. Bb5 a6 7. Bxc6 bxc6 8. Nb3 a5 9. 0-0 a4 10. Nbd2 f6 11. Re1 Be7 12. exf6 Nxf6 13. Ng5 Qd6 14. Qe2 0-0 15. Ndf3 Re8 16. Ne5 h6 17. Ngf7 Qb4 18. Nxc6 Qb6 19. Nxe7+ Kxf7 20. Nxc8 Raxc8 21. c3 c5 22. dxc5 Qxc5 23. Be3 Qc6 24. Bd4 Nd7 25. Qh5+ Kg8 26. Bxg7 Kxg7 27. Re3 Nf6 28. Rg3+ Kf8 29. Qxh6+ Ke7 30. Rg7+ Kd6 31. Qf4+ e5 32. Qxf6+ Re6 33. Qf7 Rce8 34. Rd1 R8e7 35. Qf8 Qb6 36. h4 Qxb2 37. Qd8+ Kc6 38. Rxe7 Rf6 39. Qc7+ Kb5 40. Qb7+ 1-0

[Event "Titled Tuesday intern op 06th Feb Late"]
[Site "Chess.com INT"]
[Date "2024.02.06"]
[Round "2"]
[White "Toktomushev, Teimur"]
[Black "Cueto, Jose"]
[Result "1-0"]
[WhiteElo "2268"]
[BlackElo "2095"]
[PlyCount "77"]
[EventDate "2024.02.06"]
[EventType "swiss (blitz)"]
[EventRounds "11"]
[EventCountry "USA"]
[SourceTitle "CB07_2024"]
[SourceDate "2024.02.14"]
[SourceVersion "1"]
[SourceVersionDate "2024.02.14"]
[SourceQuality "1"]

1. d4 Nf6 2. c4 d6 3. Nc3 e5 4. Nf3 e4 5. Nd2 Qe7 6. Nb3 g6 7. Bg5 Bf5 8. Nd5 Nxd5 9. Bxe7 Nxe7 10. e3 Bg7 11. Nd2 0-0 12. g4 Bd7 13. Nxe4 Re8 14. Bg2 h6 15. h4 Nc8 16. h5 g5 17. Ng3 Nc6 18. 0-0 Rb8 19. Nf5 Bf8 20. f4 Bxf5 21. gxf5 Rxe3 22. fxg5 hxg5 23. Qd2 Rg3 24. Kh2 Rg4 25. Bh3 Rxd4 26. Qxg5+ Kh8 27. Rg1 N8e7 28. Qf6+ Kh7 29. Qxf7+ Kh8 30. f6 Ne5 31. Qe6 Bh6 32. fxe7 Nf3+ 33. Kh1 Ng5 34. e8Q+ Rxe8 35. Qxe8+ Kh7 36. Qg6+ Kh8 37. Qxh6+ Kg8 38. Rxg5+ Kf7 39. Rg7+ 1-0

[Event "Titled Tuesday intern op 19th Sep Early"]
[Site "Chess.com INT"]
[Date "2023.09.19"]
[Round "3"]
[White "Dwilewicz, Katarzyna"]
[Black "Cueto, Jose"]
[Result "1-0"]
[WhiteElo "2098"]
[BlackElo "2117"]
[PlyCount "97"]
[EventDate "2023.09.19"]
[EventType "swiss (blitz)"]
[EventRounds "11"]
[EventCountry "USA"]
[SourceTitle "EXT 2024"]
[Source "ChessBase"]
[SourceDate "2023.10.10"]
[SourceVersion "1"]
[SourceVersionDate "2023.10.10"]
[SourceQuality "1"]

1. e4 e6 2. d4 d5 3. Nd2 Nc6 4. Ngf3 Nf6 5. e5 Nd7 6. c3 f6 7. exf6 Qxf6 8. Bd3 Bd6 9. Nf1 0-0 10. Ng3 e5 11. dxe5 Ndxe5 12. Be2 Bg4 13. Qxd5+ Kh8 14. Bg5 Nxf3+ 15. Bxf3 Rae8+ 16. Ne4 Rxe4+ 17. Qxe4 Bxf3 18. Bxf6 Bxe4 19. f3 Rxf6 20. fxe4 Re6 21. Kd2 Rxe4 22. Rae1 Rxe1 23. Rxe1 h6 24. h3 Kh7 25. a4 Ne5 26. b3 Ng6 27. Ke3 Nh4 28. g4 Ng2+ 29. Ke2 Nf4+ 30. Kf3 Nxh3 31. Re8 Ng5+ 32. Kg2 Kg6 33. b4 Nf7 34. a5 Ne5 35. Rb8 b6 36. a6 Nxg4 37. Rb7 Ne3+ 38. Kf3 Nd5 39. Rxa7 Nxc3 40. Rxc7 Nb5 41. Rb7 Bc7 42. a7 Nxa7 43. Rxa7 Bd8 44. Rd7 Bf6 45. Rd6 Kf5 46. Rxb6 Bd4 47. Rb8 g5 48. b5 Ke6 49. Ke4 1-0

[Event "Titled Tuesday intern op 29th Aug Late"]
[Site "Chess.com INT"]
[Date "2023.08.29"]
[Round "10"]
[White "Bazilius, Augustinas"]
[Black "Cueto, Jose"]
[Result "1-0"]
[WhiteElo "2052"]
[BlackElo "2114"]
[PlyCount "75"]
[EventDate "2023.08.29"]
[EventType "swiss (blitz)"]
[EventRounds "11"]
[EventCountry "USA"]
[SourceTitle "EXT 2024"]
[Source "ChessBase"]
[SourceDate "2023.10.10"]
[SourceVersion "1"]
[SourceVersionDate "2023.10.10"]
[SourceQuality "1"]

1. d4 e6 2. c4 Nf6 3. Nf3 Bb4+ 4. Bd2 Qe7 5. g3 Nc6 6. e3 Bxd2+ 7. Qxd2 d6 8. Bg2 0-0 9. Nc3 e5 10. 0-0 Bg4 11. Nd5 Nxd5 12. cxd5 Bxf3 13. Bxf3 Nb8 14. dxe5 Qxe5 15. Rac1 Qe7 16. Qc3 Rc8 17. Bg4 Nd7 18. Qb3 Nc5 19. Rxc5 dxc5 20. Bxc8 Rxc8 21. Qxb7 Qd7 22. Rc1 Rd8 23. Rxc5 Qa4 24. Qxc7 Re8 25. d6 Qd1+ 26. Kg2 h5 27. d7 Rf8 28. Qc8 h4 29. Qxf8+ Kxf8 30. Rc8+ Ke7 31. d8Q+ Qxd8 32. Rxd8 Kxd8 33. gxh4 Ke7 34. Kf3 Kd6 35. Ke4 Kc5 36. Kd3 Kb4 37. f4 Kc5 38. e4 1-0

[Event "Titled Tuesday intern op 29th Aug Late"]
[Site "Chess.com INT"]
[Date "2023.08.29"]
[Round "5"]
[White "Cueto, Jose"]
[Black "Estrada Nieto, Julian"]
[Result "0-1"]
[WhiteElo "2114"]
[BlackElo "2217"]
[PlyCount "70"]
[EventDate "2023.08.29"]
[EventType "swiss (blitz)"]
[EventRounds "11"]
[EventCountry "USA"]
[SourceTitle "EXT 2024"]
[Source "ChessBase"]
[SourceDate "2023.10.10"]
[SourceVersion "1"]
[SourceVersionDate "2023.10.10"]
[SourceQuality "1"]

1. d4 d5 2. Bf4 Nf6 3. e3 c5 4. Nf3 Nc6 5. Nbd2 cxd4 6. exd4 Qb6 7. Nb3 Bf5 8. Bd3 Bxd3 9. Qxd3 e6 10. c3 Be7 11. 0-0 0-0 12. Rfe1 a5 13. Rab1 a4 14. Nbd2 Qa6 15. Qe2 Rfe8 16. Ne5 Qxe2 17. Rxe2 Nxe5 18. Bxe5 Nd7 19. Bg3 Rec8 20. h3 h6 21. Nf3 b5 22. a3 Bf6 23. Be5 Nb6 24. Nd2 Nc4 25. Nxc4 bxc4 26. Rd1 Be7 27. Bg3 Rc6 28. Kh2 Rb6 29. Rdd2 g5 30. f4 Kg7 31. Kg1 Bd6 32. Rf2 Rab8 33. Kh2 gxf4 34. Bh4 Kg6 35. Kg1 f6 0-1

[Event "Titled Tuesday intern op 15th Aug Late"]
[Site "Chess.com INT"]
[Date "2023.08.15"]
[Round "2"]
[White "Cueto, Jose"]
[Black "Garcia Alvarez, Diego"]
[Result "0-1"]
[WhiteElo "2114"]
[BlackElo "2190"]
[PlyCount "120"]
[EventDate "2023.08.15"]
[EventType "swiss (blitz)"]
[EventRounds "11"]
[EventCountry "USA"]
[SourceTitle "EXT 2024"]
[Source "ChessBase"]
[SourceDate "2023.10.10"]
[SourceVersion "1"]
[SourceVersionDate "2023.10.10"]
[SourceQuality "1"]

1. d4 Nf6 2. Bf4 g6 3. Nc3 d5 4. e3 Bg7 5. h4 h5 6. Be2 0-0 7. Nf3 c5 8. Nb5 Na6 9. c3 Re8 10. 0-0 Nd7 11. Qd2 e5 12. dxe5 Nxe5 13. Rfd1 Bg4 14. Nxe5 Bxe5 15. Bxe5 Rxe5 16. Bxg4 hxg4 17. g3 Nc7 18. Nxc7 Qxc7 19. Qe2 f5 20. Qb5 Kg7 21. Rd2 a6 22. Qb3 Qc6 23. Rad1 Rd8 24. c4 d4 25. exd4 cxd4 26. Qa3 g5 27. hxg5 Rh8 28. f3 Re3 29. Qa5 Rxf3 30. Qe5+ Kg6 31. Qf6+ Qxf6 32. gxf6 Rxg3+ 33. Kf2 Rf3+ 34. Kg2 Kxf6 35. Rxd4 Re8 36. Rd6+ Kg5 37. R1d2 Re1 38. Rb6 Ree3 39. Rxb7 Rg3+ 40. Kh2 Rh3+ 41. Kg2 Reg3+ 42. Kf2 f4 43. Rd5+ Kf6 44. Rb6+ Ke7 45. Re5+ Kd7 46. Rd5+ Kc7 47. Rg6 Rh2+ 48. Kf1 Rf3+ 49. Kg1 Rh7 50. Rc5+ Kd7 51. Rxg4 Re7 52. Rd5+ Kc6 53. Rd2 Kc5 54. b3 Kb4 55. Rg5 Kc3 56. Rgd5 Rfe3 57. Kf2 Rh7 58. Rd8 Rh2+ 59. Kg1 Rxd2 60. Rxd2 Kxd2 0-1

[Event "Titled Tuesday intern op 15th Aug Early"]
[Site "Chess.com INT"]
[Date "2023.08.15"]
[Round "1"]
[White "Cueto, Jose"]
[Black "Toncheva, Nadya"]
[Result "0-1"]
[WhiteElo "2114"]
[BlackElo "2253"]
[PlyCount "68"]
[EventDate "2023.08.15"]
[EventType "swiss (blitz)"]
[EventRounds "11"]
[EventCountry "USA"]
[SourceTitle "EXT 2024"]
[Source "ChessBase"]
[SourceDate "2023.10.10"]
[SourceVersion "1"]
[SourceVersionDate "2023.10.10"]
[SourceQuality "1"]

1. d4 Nf6 2. Bf4 d6 3. Nc3 Nbd7 4. Nf3 g6 5. e4 Bg7 6. Qd2 c6 7. 0-0-0 b5 8. e5 b4 9. exf6 bxc3 10. Qxc3 Nxf6 11. Qxc6+ Bd7 12. Qc3 Nd5 13. Qd2 Qb6 14. Bc4 Rb8 15. b3 Nxf4 16. Qxf4 0-0 17. Ng5 e6 18. Rhe1 Qa5 19. Kb1 d5 20. Bd3 Qc3 21. Nf3 a5 22. Qd2 Bxd4 23. Nxd4 Qxd4 24. Qxa5 Ra8 25. Qc7 Rxa2 26. c3 Qxf2 27. Be2 Rxe2 28. Rxe2 Qxe2 29. Rc1 Bb5 30. c4 dxc4 31. bxc4 Ra8 32. Rc2 Qd1+ 33. Kb2 Qa1+ 34. Kb3 Qa3# 0-1

[Event "Titled Tuesday intern op 20th Jun Early"]
[Site "Chess.com INT"]
[Date "2023.06.20"]
[Round "10"]
[White "Cueto, Jose"]
[Black "Ai, Evan Zihao"]
[Result "0-1"]
[WhiteElo "2119"]
[BlackElo "2055"]
[PlyCount "50"]
[EventDate "2023.06.20"]
[EventType "swiss (blitz)"]
[EventRounds "11"]
[EventCountry "USA"]
[SourceTitle "EXT 2024"]
[Source "ChessBase"]
[SourceDate "2023.10.10"]
[SourceVersion "1"]
[SourceVersionDate "2023.10.10"]
[SourceQuality "1"]

1. d4 Nf6 2. Bf4 d5 3. e3 c5 4. Nf3 Nc6 5. Nbd2 e6 6. c3 cxd4 7. exd4 Nh5 8. Be5 f6 9. Bg3 Bd6 10. Bd3 Nf4 11. Bxf4 Bxf4 12. 0-0 0-0 13. Re1 e5 14. dxe5 fxe5 15. Qb3 Kh8 16. Bb5 e4 17. g3 exf3 18. Nxf3 Bc7 19. Nh4 Qf6 20. Re2 Bg4 21. Rd2 Bb6 22. Qc2 Ne5 23. Re1 Bh3 24. Rde2 Nf3+ 25. Nxf3 Qxf3 0-1

[Event "Titled Tuesday intern op 20th Jun Early"]
[Site "Chess.com INT"]
[Date "2023.06.20"]
[Round "8"]
[White "Cueto, Jose"]
[Black "Dixit, Nikhil"]
[Result "1-0"]
[WhiteElo "2119"]
[BlackElo "2289"]
[PlyCount "95"]
[EventDate "2023.06.20"]
[EventType "swiss (blitz)"]
[EventRounds "11"]
[EventCountry "USA"]
[SourceTitle "EXT 2024"]
[Source "ChessBase"]
[SourceDate "2023.10.10"]
[SourceVersion "1"]
[SourceVersionDate "2023.10.10"]
[SourceQuality "1"]

1. d4 Nf6 2. Bf4 g6 3. Nc3 d5 4. e3 Bg7 5. h4 h5 6. Be2 0-0 7. Nf3 c5 8. Nb5 Nc6 9. c3 Ne4 10. 0-0 a6 11. Na3 Bg4 12. dxc5 Nxc5 13. Bh2 e5 14. Rc1 e4 15. Nd4 Bxe2 16. Nxe2 Nd3 17. Rc2 Qxh4 18. Nc1 Nxc1 19. Rxc1 Rad8 20. Nc2 Qg5 21. Bf4 Qf5 22. Nd4 Nxd4 23. cxd4 Rc8 24. Qb3 h4 25. Qxb7 h3 26. gxh3 Rxc1 27. Rxc1 Bxd4 28. Bd6 Be5 29. Bxf8 Qxh3 30. Qc8 Bh2+ 31. Kh1 Qf3+ 32. Kxh2 Qxf2+ 33. Kh1 Qf3+ 34. Kg1 Qxe3+ 35. Kf1 Qf3+ 36. Ke1 Qe3+ 37. Kf1 Qf3+ 38. Kg1 e3 39. Bd6+ Kh7 40. Rc2 Qd1+ 41. Kh2 e2 42. Qh3+ Kg7 43. Be5+ Kf8 44. Rc8+ Ke7 45. Qh4+ Ke6 46. Qf6+ Kd7 47. Qd6+ Kxc8 48. Qc7# 1-0

[Event "Titled Tuesday intern op 20th Jun Late"]
[Site "Chess.com INT"]
[Date "2023.06.20"]
[Round "3"]
[White "Cueto, Jose"]
[Black "Fajdetic, Hrvoje"]
[Result "0-1"]
[WhiteElo "2119"]
[BlackElo "2151"]
[PlyCount "120"]
[EventDate "2023.06.20"]
[EventType "swiss (blitz)"]
[EventRounds "11"]
[EventCountry "USA"]
[SourceTitle "EXT 2024"]
[Source "ChessBase"]
[SourceDate "2023.10.10"]
[SourceVersion "1"]
[SourceVersionDate "2023.10.10"]
[SourceQuality "1"]

1. d4 e6 2. Bf4 c5 3. e3 Qb6 4. Nc3 a6 5. Rb1 d5 6. Nf3 Nc6 7. Be2 Nf6 8. 0-0 Bd7 9. h3 Ne7 10. dxc5 Qxc5 11. Ne5 Ng6 12. Nxg6 hxg6 13. Qd4 Rc8 14. a3 Rh4 15. Qxc5 Bxc5 16. Bg3 Rh8 17. Bd3 b5 18. Ne2 Ke7 19. Nd4 Bd6 20. Bxd6+ Kxd6 21. b4 Rc3 22. Nb3 e5 23. Nc5 e4 24. Be2 Rxc2 25. Bd1 Rc3 26. Bb3 a5 27. Rfd1 axb4 28. axb4 Bc6 29. g3 Rxh3 30. Kg2 Rh8 31. Ra1 Rxc5 32. bxc5+ Kxc5 33. Rac1+ Kb6 34. Ra1 Rd8 35. Bc2 d4 36. exd4 e3+ 37. Kf1 Ng4 38. f3 Bxf3 39. Rdb1 e2+ 40. Ke1 Ne3 41. Bd3 Ng2+ 42. Kf2 e1Q+ 43. Rxe1 Nxe1 44. Rxe1 Bd5 45. Re7 Be6 46. Ke3 Rd7 47. Re8 Ra7 48. Rb8+ Kc7 49. Rxb5 Ra3 50. Rb1 Kd6 51. Rc1 g5 52. Rf1 f6 53. Rc1 Bf5 54. Rd1 Rxd3+ 55. Rxd3 Bxd3 56. Kxd3 Kd5 57. Ke3 f5 58. Kf3 Kxd4 59. g4 g6 60. gxf5 gxf5 0-1

[Event "Titled Tuesday intern op 20th Jun Late"]
[Site "Chess.com INT"]
[Date "2023.06.20"]
[Round "10"]
[White "Cueto, Jose"]
[Black "Grabs, Peter"]
[Result "1-0"]
[WhiteElo "2119"]
[BlackElo "1566"]
[PlyCount "29"]
[EventDate "2023.06.20"]
[EventType "swiss (blitz)"]
[EventRounds "11"]
[EventCountry "USA"]
[SourceTitle "EXT 2024"]
[Source "ChessBase"]
[SourceDate "2023.10.10"]
[SourceVersion "1"]
[SourceVersionDate "2023.10.10"]
[SourceQuality "1"]

1. d4 e6 2. Bf4 d5 3. e3 Nf6 4. Nf3 Nbd7 5. Nbd2 Bd6 6. Ne5 Bxe5 7. dxe5 Ne4 8. Nxe4 dxe4 9. Qg4 Rg8 10. 0-0-0 Qe7 11. Bg5 f6 12. exf6 Nxf6 13. Bxf6 Qxf6 14. Qxe4 Qxf2 15. Bb5+ 1-0

[Event "Titled Tuesday intern op 20th Jun Early"]
[Site "Chess.com INT"]
[Date "2023.06.20"]
[Round "6"]
[White "Cueto, Jose"]
[Black "Heinemann, Josefine"]
[Result "0-1"]
[WhiteElo "2119"]
[BlackElo "2276"]
[PlyCount "42"]
[EventDate "2023.06.20"]
[EventType "swiss (blitz)"]
[EventRounds "11"]
[EventCountry "USA"]
[SourceTitle "EXT 2024"]
[Source "ChessBase"]
[SourceDate "2023.10.10"]
[SourceVersion "1"]
[SourceVersionDate "2023.10.10"]
[SourceQuality "1"]

1. d4 d5 2. Bf4 Nf6 3. e3 c5 4. Nf3 Nc6 5. Nbd2 cxd4 6. exd4 Bg4 7. c3 e6 8. Be2 Be7 9. 0-0 0-0 10. Ne5 Bxe2 11. Qxe2 Nxe5 12. Bxe5 Nd7 13. Bg3 Rc8 14. f4 Bd6 15. Rf3 Re8 16. Raf1 Qc7 17. Qf2 b5 18. f5 e5 19. dxe5 Nxe5 20. Bxe5 Rxe5 21. f6 Bc5 0-1

[Event "Titled Tuesday intern op 20th Jun Late"]
[Site "Chess.com INT"]
[Date "2023.06.20"]
[Round "4"]
[White "Cueto, Jose"]
[Black "Manon Og, Ramon Jr"]
[Result "1-0"]
[WhiteElo "2119"]
[BlackElo "1991"]
[PlyCount "93"]
[EventDate "2023.06.20"]
[EventType "swiss (blitz)"]
[EventRounds "11"]
[EventCountry "USA"]
[SourceTitle "EXT 2024"]
[Source "ChessBase"]
[SourceDate "2023.10.10"]
[SourceVersion "1"]
[SourceVersionDate "2023.10.10"]
[SourceQuality "1"]

1. d4 Nf6 2. Bf4 g6 3. Nc3 d5 4. e3 Bg7 5. h4 h5 6. Be2 0-0 7. Nf3 c5 8. Nb5 Na6 9. c3 Ne4 10. 0-0 Bg4 11. a4 e6 12. Nd2 Qxh4 13. Nxe4 dxe4 14. Bxg4 hxg4 15. Bg3 Qh5 16. Qb3 Bf6 17. Nd6 cxd4 18. cxd4 Qd5 19. Qxd5 exd5 20. Nxb7 Rfc8 21. Rac1 Nb4 22. Nd6 Rd8 23. Rc7 Na6 24. Rb7 Rdb8 25. Rxf7 Bg7 26. Rd7 Rxb2 27. Nb5 Nb4 28. Rc1 a6 29. Rcc7 Bf8 30. Nd6 Nd3 31. Nc8 Rab8 32. Ne7+ Bxe7 33. Rxe7 Rb1+ 34. Kh2 Rd8 35. Rg7+ Kh8 36. Rh7+ Kg8 37. Rcg7+ Kf8 38. Ra7 Kg8 39. Rhg7+ Kf8 40. Rxg6 Nxf2 41. Bxf2 Rb2 42. Bg3 Re2 43. Rh6 Kg8 44. Be5 g3+ 45. Kxg3 Rxe3+ 46. Kh2 Rh3+ 47. Rxh3 1-0

[Event "Titled Tuesday intern op 20th Jun Late"]
[Site "Chess.com INT"]
[Date "2023.06.20"]
[Round "8"]
[White "Cueto, Jose"]
[Black "Vargas, Mauricio"]
[Result "1-0"]
[WhiteElo "2119"]
[BlackElo "2035"]
[PlyCount "101"]
[EventDate "2023.06.20"]
[EventType "swiss (blitz)"]
[EventRounds "11"]
[EventCountry "USA"]
[SourceTitle "EXT 2024"]
[Source "ChessBase"]
[SourceDate "2023.10.10"]
[SourceVersion "1"]
[SourceVersionDate "2023.10.10"]
[SourceQuality "1"]

1. d4 d5 2. Bf4 h5 3. Nf3 Bg4 4. h3 Bxf3 5. gxf3 e6 6. e3 Bb4+ 7. c3 Ba5 8. Qa4+ Nc6 9. Bb5 Nge7 10. Qxa5 0-0 11. Qa4 a6 12. Bd3 b5 13. Qc2 g6 14. Nd2 Rc8 15. Nb3 Nb8 16. Nc5 Nec6 17. Bxg6 fxg6 18. Qxg6+ Kh8 19. Nxe6 Qf6 20. Nxf8 Qxg6 21. Nxg6+ Kg7 22. Ne5 Re8 23. Rg1+ Kf8 24. Bh6+ Ke7 25. Rg7+ Kd6 26. Nxc6 Kxc6 27. Kd2 a5 28. Rag1 Na6 29. R7g6+ Kb7 30. Rxa6 Kxa6 31. Bf4 Rc8 32. Rg6+ Ka7 33. Rg7 Ka8 34. Rxc7 Rg8 35. Rc5 b4 36. Rxa5+ Kb7 37. Rxd5 bxc3+ 38. Kxc3 h4 39. Rg5 Rc8+ 40. Kd2 Ra8 41. a3 Ra6 42. Rh5 Rb6 43. Rh7+ Ka6 44. Rxh4 Kb5 45. Rh5+ Ka4 46. Rc5 Rxb2+ 47. Rc2 Rb1 48. h4 Kxa3 49. h5 Kb3 50. h6 Rh1 51. Rc7 1-0

[Event "Titled Tuesday intern op 20th Jun Early"]
[Site "Chess.com INT"]
[Date "2023.06.20"]
[Round "9"]
[White "Liu, Casper Yukun"]
[Black "Cueto, Jose"]
[Result "1-0"]
[WhiteElo "2278"]
[BlackElo "2119"]
[PlyCount "45"]
[EventDate "2023.06.20"]
[EventType "swiss (blitz)"]
[EventRounds "11"]
[EventCountry "USA"]
[SourceTitle "EXT 2024"]
[Source "ChessBase"]
[SourceDate "2023.10.10"]
[SourceVersion "1"]
[SourceVersionDate "2023.10.10"]
[SourceQuality "1"]

1. e4 e6 2. Nf3 d5 3. Bd3 Nf6 4. exd5 exd5 5. 0-0 Be7 6. c3 0-0 7. Bc2 c6 8. h3 h6 9. d4 Re8 10. Ne5 Nbd7 11. Bf4 c5 12. Re1 cxd4 13. cxd4 Qb6 14. Qd3 Qxb2 15. Nc3 Bb4 16. Nxd7 Bxd7 17. Nxd5 g6 18. Nxf6+ Kg7 19. Nxe8+ Rxe8 20. Be5+ f6 21. Reb1 Qc3 22. Qxg6+ Kf8 23. Qxf6+ 1-0

[Event "Titled Tuesday intern op 20th Jun Late"]
[Site "Chess.com INT"]
[Date "2023.06.20"]
[Round "5"]
[White "Marin, Sebastian"]
[Black "Cueto, Jose"]
[Result "1-0"]
[WhiteElo "2265"]
[BlackElo "2119"]
[PlyCount "69"]
[EventDate "2023.06.20"]
[EventType "swiss (blitz)"]
[EventRounds "11"]
[EventCountry "USA"]
[SourceTitle "EXT 2024"]
[Source "ChessBase"]
[SourceDate "2023.10.10"]
[SourceVersion "1"]
[SourceVersionDate "2023.10.10"]
[SourceQuality "1"]

1. e4 e6 2. d4 d5 3. Nc3 Nf6 4. e5 Nfd7 5. f4 c5 6. Nf3 Nc6 7. Be3 Be7 8. Qd2 0-0 9. dxc5 Nxc5 10. 0-0-0 a6 11. Qf2 Nd7 12. Nd4 Nxd4 13. Bxd4 b5 14. Bd3 b4 15. Ne2 g6 16. Kb1 a5 17. g4 a4 18. h4 b3 19. h5 a3 20. cxb3 axb2 21. Bxb2 Qa5 22. Nc1 Nc5 23. Qh2 g5 24. Bc2 h6 25. a3 Ne4 26. b4 Qa7 27. Rhe1 Ba6 28. Qg2 Bc4 29. Rxe4 dxe4 30. Qxe4 f5 31. Qxc4 Rfc8 32. Qxe6+ Kf8 33. Qxh6+ Kg8 34. Bxf5 Rxc1+ 35. Rxc1 1-0